| 000 | 00714nam a22002057a 4500 | ||
|---|---|---|---|
| 005 | 20131011130215.0 | ||
| 010 | _aENG-107999 | ||
| 020 |
_c120.00 _a9788183334938 |
||
| 035 | _aEN-91532 | ||
| 037 | _bDBAD/PUB | ||
| 082 | _a005.113 | ||
| 100 | _aJain, Satish | ||
| 245 | 0 | 0 |
_aBPB's golden solutions structured system analysis and design : _cby Satish Jain, Shashi Singh [and] Akanksha _bbased on NIELIT (DOEACC) 'A' , 'B' level revised syllabus of year 2010 / |
| 260 |
_aNew Delhi _bBPB Publications _c2013 |
||
| 270 |
_aB-14, Connaught Place, _bNew Delhi _e110001 |
||
| 300 |
_av,127p. : _c25cm(pbk) _bill. |
||
| 700 | _aShashi Singh | ||
| 700 | _aAkanksha | ||
| 942 |
_2ddc _cEN _mJAI _h005.113 |
||
| 999 |
_c77537 _d77537 |
||